000
00328nam a22001457a 4500
008
180903b xxu||||| |||| 00| 0 eng d
020
_a
0762302615
041
_a
eng
080
_a
37
082
_a
37 BRO
100
_a
25
101
_a
EDU
245
_a
Advances in Research on Teaching
_c
Brophy jere
942
_2
udc
_c
BK
999
_c
47432
_d
47432